| 000 | 00000nam##2200000za#4500 |
| 001 | 9.660926 |
| 003 | CaOODSP |
| 005 | 20220328113330 |
| 007 | ta |
| 008 | 150407|1999||||xxc||||| f|0| 0 fre|d |
| 020 | |a0-662-64182-5 |
| 040 | |aCaOODSP|bfre |
| 041 | |aeng |
| 041 | |afre |
| 043 | |an-cn--- |
| 086 | 1 |aC2-426/1999 |
| 110 | 1 |aCanada. |bIndustrie Canada. |
| 245 | 10|aComment utiliser la Loi sur le financement des petites entreprises du Canada : |bun outil d'auto-apprentissage pour les prêteurs |
| 260 | |aOttawa - Ontario : |bIndustrie Canada |c1999. |
| 300 | |aTexte français, 28p. : |btableaux ; |c28 cm. |
| 546 | |aBilingue |
| 563 | |aCouverture souple |
| 590 | |a99-14|b1999-04-09 |
| 691 | 07|aPrêt|2gcpds |
| 691 | 07|aDroit|2gcpds |
| 691 | 07|aPetite entreprise|2gcpds |
| 776 | 0#|tComment utiliser la Loi sur le financement des petites entreprises du Canada : |w(CaOODSP)9.639296 |
| 776 | 0#|tHow to use the Canada Small Business Financing Act : |w(CaOODSP)9.695152 |
| 791 | |tHow to use the Canada Small Business Financing Act : |eeng|w(CaOODSP)9.660925 |
| 986 | |a52652B |